00410nam a2200145Ia 450000500170000000800410001702000150005808200130007324500450008626000340013130000160016565000290018165000210021070000330023120241001054839.0240331s9999 xx 000 0 und d a1871438284 bPERa809 0aPerspectives on Post-Colonial Literature aLondonbSkoob Books Ltdc2001 ax, 214 p ., aPost Colonial Literature aCultural Studies aGoonetilleke, D.C.R.A. eedt